Clusters of Creative Industry in Slovakia and Impact of Pandemic Covid 19 on Its Activity

Saved in:
Bibliographic Details
Main Author: Gajdová, Denisa, 1977-
Format: Book Chapter
Language:English
Subjects:
Tags: Add Tag
No Tags, Be the first to tag this record!

MARC

LEADER 00000naa$a2200000$$$4500
001 0280841
005 20240502083858.6
041 0 |a eng 
044 |a PL 
245 1 0 |a Clusters of Creative Industry in Slovakia and Impact of Pandemic Covid 19 on Its Activity  |c Denisa Gajdová 
500 |a abstrakt 
610 2 0 |a klaster 
610 2 0 |a priemysel kreatívny 
610 2 0 |a koronavírus 
610 2 0 |a inovácia 
610 2 0 |a pandémia 
100 1 |a Gajdová, Denisa, 1977-